000 00346nam a2200133Ia 4500
008 240624s9999 xx 000 0 und d
041 _aeng
082 _a658.4022 BIN
100 _aBINMORE KEN
245 _aPLAYING FOR REAL A TEXT ON GAME THEORY
260 _c2013
_aNew Delhi
_bOxford
300 _axiv, : 386 : p. : cm. ; 26
365 _cRS
_b31
999 _c24933
_d24933